[Event "Junior Online 4NCL Division 4"]
[Site "online"]
[Date "2021.01.21"]
[Round "1.13"]
[White "Walsh, Cole"]
[Black "Gold, Arthur"]
[Result "1-0"]
[WhiteElo "1478"]
[BlackElo "1176"]
[PlyCount "69"]
[EventDate "2021.01.21"]
[WhiteTeam "Wanstead Warriors 1"]
[BlackTeam "Barnet Knights C"]

1. e4 e5 2. Nf3 Nc6 3. c3 Nf6 4. d4 exd4 5. e5 Qe7 6. cxd4 d6 7. Bb5 dxe5 8.
Nxe5 Nd7 9. Bxc6 bxc6 10. O-O Nxe5 11. dxe5 Qd7 12. Nc3 Qxd1 13. Rxd1 Bb4 14.
Ne4 Bf5 15. Ng3 Bg6 16. Bd2 Bxd2 17. Rxd2 O-O 18. Rad1 h6 19. Re1 Rad8 20. Rxd8
Rxd8 21. f4 Rd2 22. f5 Rxb2 23. fxg6 Rxa2 24. gxf7+ Kxf7 25. e6+ Ke7 26. Nf5+
Ke8 27. e7 g6 28. Ng7+ Kf7 29. e8=Q+ Kxg7 30. Qe7+ Kg8 31. Qe6+ Kh8 32. Qxa2 c5
33. Qf2 Kh7 34. Qf7+ Kh8 35. Re8# 1-0

[Event "Junior Online 4NCL Division 4"]
[Site "online"]
[Date "2021.01.21"]
[Round "1.14"]
[White "Vasudeva, Arya"]
[Black "Stevens, Tobias"]
[Result "0-1"]
[WhiteElo "1165"]
[BlackElo "1468"]
[PlyCount "144"]
[EventDate "2021.01.21"]
[WhiteTeam "Barnet Knights C"]
[BlackTeam "Wanstead Warriors 1"]

1. e4 e6 2. d4 d5 3. exd5 exd5 4. Nf3 Bg4 5. h3 Bxf3 6. gxf3 Nf6 7. Bg5 Be7 8.
Bxf6 Bxf6 9. Qe2+ Be7 10. Nc3 O-O 11. O-O-O Bf6 12. Qb5 b6 13. Nxd5 Na6 14.
Qxa6 Qxd5 15. Qa4 Rfd8 16. c3 Qxf3 17. Bd3 Bg5+ 18. Kb1 Qxf2 19. Rdf1 Qd2 20.
Qb3 Qxd3+ 21. Ka1 Qg6 22. Rhg1 Qe6 23. d5 Qxd5 24. Rxg5 Qxg5 25. Qxf7+ Kh8 26.
Kb1 Qg6+ 27. Kc1 Rd1+ 28. Kxd1 Rd8+ 29. Kc1 Qxf7 30. Rxf7 Rc8 31. Kd2 Kg8 32.
Rf5 g6 33. Rg5 Rd8+ 34. Kc2 Rd6 35. Re5 Kf7 36. Re2 Re6 37. Rf2+ Rf6 38. Rd2
Rd6 39. Re2 Re6 40. Rh2 h5 41. h4 Kf6 42. Rf2+ Kg7 43. Rf4 Re5 44. Ra4 a5 45.
Rc4 c5 46. Rf4 Rf5 47. Re4 Kf7 48. Kd3 Rf2 49. Ra4 Rf3+ 50. Kc2 Rf2+ 51. Kb3
Kf6 52. Re4 Kf7 53. Re5 Rf4 54. Rd5 Ke7 55. Rg5 Kf6 56. Rd5 Rxh4 57. Rd6+ Kf5
58. Rxb6 g5 59. Rb5 g4 60. Rxc5+ Kf4 61. Rc4+ Kf3 62. Kc2 Rh2+ 63. Kd3 g3 64.
Re4 g2 65. Re1 Kf2 66. Rd1 g1=Q 67. Rxg1 Kxg1 68. c4 Rxb2 69. c5 Rb8 70. c6 h4
71. c7 Rc8 72. a4 h3 0-1

[Event "Junior Online 4NCL Division 4"]
[Site "online"]
[Date "2021.01.21"]
[Round "1.15"]
[White "Ethelontis, Elena"]
[Black "Korossy, Nandi"]
[Result "0-1"]
[WhiteElo "1231"]
[BlackElo "1610"]
[PlyCount "98"]
[EventDate "2021.01.21"]
[WhiteTeam "Barnet Knights C"]
[BlackTeam "Wanstead Warriors 1"]

1. d4 d5 2. c4 e6 3. Nf3 Nf6 4. Nc3 Bb4 5. e3 O-O 6. a3 Bxc3+ 7. bxc3 Ne4 8.
Qc2 b6 9. cxd5 Qxd5 10. c4 Qf5 11. Bd3 Bb7 12. a4 Qa5+ 13. Nd2 f5 14. O-O Nf6
15. Nb3 Qb4 16. Bd2 Qd6 17. Rfe1 Ne4 18. Bc1 Qc6 19. f3 Nf6 20. Ba3 Rf7 21. e4
fxe4 22. fxe4 Qxa4 23. Bb2 Qd7 24. e5 Ne8 25. Bxh7+ Kh8 26. Bg6 Rf4 27. Qd2 Rg4
28. Bh5 Rxg2+ 29. Qxg2 Bxg2 30. Kxg2 Kh7 31. Bc1 g6 32. Bg4 Ng7 33. Rf1 Nf5 34.
Bd2 Nc6 35. Rf3 Ncxd4 36. Rh3+ Kg7 37. Nxd4 Qxd4 38. Rd1 Qxg4+ 39. Rg3 Nxg3 40.
hxg3 Qxd1 41. Bf4 Qc2+ 42. Kh3 Qxc4 43. Kg4 Rh8 44. Kg5 Qe2 45. Bc1 Rh5+ 46.
Kf4 Qxe5+ 47. Kf3 Rf5+ 48. Kg2 Qe2+ 49. Kh3 Rh5# 0-1

[Event "Junior Online 4NCL Division 4"]
[Site "online"]
[Date "2021.01.21"]
[Round "1.16"]
[White "Demetriou, Jay"]
[Black "Rowland, Benjamin"]
[Result "0-1"]
[WhiteElo "1519"]
[BlackElo "1227"]
[PlyCount "158"]
[EventDate "2021.01.21"]
[WhiteTeam "Wanstead Warriors 1"]
[BlackTeam "Barnet Knights C"]

1. e4 e5 2. Nc3 Bc5 3. Nd5 Qh4 4. Qf3 Bb6 5. Bc4 f6 6. Nxb6 axb6 7. g3 Qh6 8.
d3 Qg6 9. h4 h5 10. Ne2 Nc6 11. Be3 d6 12. Nc3 Nge7 13. O-O Rf8 14. Nd5 Nxd5
15. Bxd5 Bh3 16. Rfe1 f5 17. Kh2 Bg4 18. Qg2 fxe4 19. Qxe4 Qxe4 20. Bxe4 Ra7
21. Rf1 Nb4 22. Bg5 Nxc2 23. Bg6+ Kd7 24. Rac1 Nd4 25. a3 Be2 26. Rg1 Rxf2+ 27.
Rg2 Nf3+ 28. Kh1 Rxg2 29. Bf5+ Ke8 30. Kxg2 Nxg5 31. hxg5 Kd8 32. Rc3 Ra4 33.
Bg6 Rg4 34. Rc2 Rxg5 35. Be4 Bg4 36. Bxb7 Bc8 37. Be4 h4 38. Rf2 Rxg3+ 39. Kf1
Bh3+ 40. Ke2 Bg4+ 41. Kf1 h3 42. Rf8+ Ke7 43. Rh8 Bf3 44. Bxf3 Rxf3+ 45. Kg1
Rxd3 46. Kh2 Rd2+ 47. Kxh3 Rxb2 48. Kg4 Rg2+ 49. Kf3 Ra2 50. Ra8 d5 51. Ke3 Kd6
52. Ra7 c5 53. Kd3 e4+ 54. Ke3 g5 55. Ra8 d4+ 56. Kxe4 g4 57. Rd8+ Kc6 58. Rc8+
Kb5 59. Rg8 Rxa3 60. Rxg4 Re3+ 61. Kf4 Re8 62. Rg3 Kc4 63. Kf3 Re3+ 64. Kf2
Rxg3 65. Kxg3 b5 66. Kf2 b4 67. Ke1 b3 68. Kd2 Kb4 69. Kc1 c4 70. Kb2 c3+ 71.
Kc1 b2+ 72. Kc2 Ka3 73. Kb1 Kb4 74. Kc2 Kc4 75. Kb1 d3 76. Ka2 d2 77. Kb1 d1=Q+
78. Ka2 Qb3+ 79. Kb1 c2# 0-1

[Event "Junior Online 4NCL Division 4"]
[Site "online"]
[Date "2021.01.21"]
[Round "1.17"]
[White "Gold, Arthur"]
[Black "Walsh, Cole"]
[Result "1-0"]
[WhiteElo "1176"]
[BlackElo "1478"]
[PlyCount "45"]
[EventDate "2021.01.21"]
[WhiteTeam "Barnet Knights C"]
[BlackTeam "Wanstead Warriors 1"]

1. e4 e5 2. Nf3 Nf6 3. Nxe5 Nc6 4. Nxc6 dxc6 5. Nc3 Bc5 6. Bc4 Ng4 7. Qf3 O-O
8. O-O Be6 9. Bxe6 fxe6 10. Qxg4 Qf6 11. Qe2 Rf7 12. e5 Qh4 13. d3 Raf8 14. Be3
Bb4 15. a3 Be7 16. f3 Rf5 17. Bf2 Qg5 18. Be3 Qh4 19. g3 Qh5 20. g4 Qg6 21. d4
Rxf3 22. Rxf3 Qxg4+ 23. Rg3 1-0

[Event "Junior Online 4NCL Division 4"]
[Site "online"]
[Date "2021.01.21"]
[Round "1.18"]
[White "Stevens, Tobias"]
[Black "Vasudeva, Arya"]
[Result "1-0"]
[WhiteElo "1468"]
[BlackElo "1165"]
[PlyCount "119"]
[EventDate "2021.01.21"]
[WhiteTeam "Wanstead Warriors 1"]
[BlackTeam "Barnet Knights C"]

1. e4 e5 2. Nf3 Nc6 3. Bc4 d6 4. d3 Nf6 5. Nc3 Be7 6. Be3 Be6 7. Bxe6 fxe6 8.
d4 exd4 9. Bxd4 Nxd4 10. Nxd4 e5 11. Ne6 Qd7 12. Nxg7+ Kf8 13. Nh5 Rd8 14. Nxf6
Qe6 15. Nfd5 Bf6 16. Qf3 c6 17. Nxf6 Kf7 18. Nxh7+ Ke7 19. Ng5 Qg6 20. Qf7+
Qxf7 21. Nxf7 Kxf7 22. O-O Rdg8 23. Ne2 Rg7 24. Ng3 Rgh7 25. h3 d5 26. exd5
cxd5 27. Nf5 Rh5 28. Nd6+ Ke7 29. Nxb7 Rg5 30. Rad1 Ke6 31. Nc5+ Kd6 32. Nb7+
Kc7 33. Na5 Rhg8 34. g3 Rh8 35. h4 Rg4 36. Rxd5 Rb4 37. Rxe5 Rxb2 38. Re7+ Kb6
39. Nc4+ Kb5 40. Nxb2 Rb8 41. Rxa7 Kc6 42. Nd3 Kb6 43. Rb1+ Kxa7 44. Rxb8 Kxb8
45. h5 Kc8 46. h6 Kd8 47. h7 Ke8 48. h8=Q+ Kf7 49. Qh7+ Kf8 50. Kf1 Ke8 51. Qg7
Kd8 52. Qf7 Kc8 53. Qe7 Kb8 54. Qd7 Ka8 55. Ke2 Kb8 56. Ke3 Ka8 57. Kd4 Kb8 58.
Kc5 Ka8 59. Kb6 Kb8 60. Qb7# 1-0

[Event "Junior Online 4NCL Division 4"]
[Site "online"]
[Date "2021.01.21"]
[Round "1.21"]
[White "Kammin, Samuel"]
[Black "De Sousa Muachikape, Jael"]
[Result "1-0"]
[WhiteElo "1701"]
[BlackElo "1620"]
[PlyCount "54"]
[EventDate "2021.01.21"]
[WhiteTeam "Farnham Fantasticos"]
[BlackTeam "Leeds Juniors 1"]

1. d4 Nf6 2. Nf3 d5 3. c4 e6 4. g3 Be7 5. Bg2 O-O 6. O-O a6 7. Qc2 dxc4 8. Rd1
b5 9. Ne5 Ra7 10. a4 Bd7 11. axb5 Bxb5 12. Na3 c6 13. Naxc4 Nd5 14. Bd2 Nd7 15.
e4 N5b6 16. Ba5 Qb8 17. Nxb6 Nxb6 18. Nxc6 Bxc6 19. Qxc6 Rb7 20. e5 Nd5 21.
Bxd5 exd5 22. Bc3 Rc8 23. Qxd5 Bb4 24. Rxa6 Bxc3 25. bxc3 Rxc3 26. Rda1 Qc7 27.
Ra8+ Rb8 1-0

[Event "Junior Online 4NCL Division 4"]
[Site "online"]
[Date "2021.01.21"]
[Round "1.22"]
[White "Sasikumar, Navaneeth"]
[Black "Warren, Archie"]
[Result "1-0"]
[WhiteElo "1313"]
[BlackElo "1423"]
[PlyCount "181"]
[EventDate "2021.01.21"]
[WhiteTeam "Leeds Juniors 1"]
[BlackTeam "Farnham Fantasticos"]

1. d4 Nf6 2. Nf3 g6 3. Bf4 Bg7 4. e3 O-O 5. Bd3 d6 6. c3 Nbd7 7. Qc2 b6 8. Nbd2
Bb7 9. O-O-O c5 10. h4 a6 11. e4 b5 12. e5 dxe5 13. dxe5 Nh5 14. Be3 c4 15. Be2
Nxe5 16. Nxc4 Qc7 17. Nfxe5 Bxe5 18. Nxe5 Qxe5 19. Bd4 Qe6 20. Kb1 Nf4 21. Bf3
Bxf3 22. gxf3 Nh5 23. Rde1 Qd6 24. Be5 Qd5 25. Qe4 Qd2 26. Bd4 e6 27. Qe5 Qd3+
28. Ka1 f6 29. Qxe6+ Kh8 30. Qe4 Qc4 31. Be3 Qf7 32. Rd1 Rfe8 33. Qc2 Rab8 34.
Rd3 b4 35. c4 a5 36. Qd2 a4 37. Rc1 Rec8 38. Rd7 Qg8 39. Rd4 Rd8 40. Rxd8 Qxd8
41. Qxd8+ Rxd8 42. c5 f5 43. c6 Nf6 44. Bb6 Rc8 45. c7 Nd5 46. Rd1 Nxc7 47.
Bxc7 Rxc7 48. Kb1 Kg7 49. Rc1 Rd7 50. Kc2 Rc7+ 51. Kd2 Rd7+ 52. Ke2 Kf6 53. Rc4
Re7+ 54. Kd2 Rd7+ 55. Kc2 Ke5 56. Rxb4 Rc7+ 57. Kd2 Ra7 58. Ke3 a3 59. b3 h6
60. f4+ Ke6 61. Rb6+ Kf7 62. b4 Re7+ 63. Kd2 Rd7+ 64. Kc2 Rd4 65. b5 Rxf4 66.
Rc6 Rxf2+ 67. Kb3 Rf3+ 68. Rc3 Rf4 69. b6 Rf1 70. Ka4 Rb1 71. Rb3 Re1 72. b7
Re4+ 73. Rb4 Rxb4+ 74. Kxb4 f4 75. b8=Q f3 76. Qf4+ Ke6 77. Qxf3 g5 78. hxg5
hxg5 79. Qg4+ Kf6 80. Kxa3 Kg6 81. Kb4 Kh6 82. a4 Kg6 83. a5 Kf6 84. a6 Kg6 85.
a7 Kh6 86. a8=R Kg6 87. Rg8+ Kf6 88. Qxg5+ Kf7 89. Qg7+ Ke6 90. Re8+ Kd5 91.
Qd7# 1-0

[Event "Junior Online 4NCL Division 4"]
[Site "online"]
[Date "2021.01.21"]
[Round "1.23"]
[White "Warren, Orla"]
[Black "Krishnan, Aditya"]
[Result "0-1"]
[WhiteElo "1180"]
[BlackElo "1365"]
[PlyCount "134"]
[EventDate "2021.01.21"]
[WhiteTeam "Farnham Fantasticos"]
[BlackTeam "Leeds Juniors 1"]

1. d4 Nf6 2. Bf4 g6 3. Nc3 Bg7 4. e4 d6 5. Bd3 Nbd7 6. Qd2 O-O 7. Bh6 e5 8.
dxe5 Nxe5 9. O-O-O a5 10. Bxg7 Kxg7 11. h4 h5 12. Nf3 Bg4 13. Be2 a4 14. a3 Re8
15. Nd5 Nxe4 16. Qe3 Nf6 17. Nxe5 Rxe5 18. Qd4 Rxd5 19. Qc3 Rxd1+ 20. Bxd1 Bxd1
21. Rxd1 Qd7 22. Rd3 Re8 23. Rf3 Re6 24. Rd3 Qe7 25. Rd1 Kg8 26. Rg1 Ng4 27. f3
Ne5 28. g4 hxg4 29. fxg4 Nxg4 30. b3 Ne5 31. Rh1 Ng4 32. Rg1 Qxh4 33. Rf1 Nf6
34. bxa4 Qh6+ 35. Kb2 Qg5 36. Rh1 Nh5 37. Rf1 Nf4 38. Rf2 Nd5 39. Qf3 Nf6 40.
Qc3 Qe5 41. Qxe5 dxe5 42. Re2 Nd5 43. Rd2 Rd6 44. Re2 f6 45. Rf2 Nf4 46. Rf3
Kg7 47. Rf2 f5 48. Rh2 Nh5 49. Rf2 e4 50. Rf1 Kf6 51. Rf2 g5 52. Rg2 Kg6 53.
Rf2 f4 54. Rf1 Kf5 55. c3 e3 56. Rf3 Rd2+ 57. Kb3 e2 58. Rf2 e1=Q 59. Rxd2 Qxd2
60. Kb4 f3 61. Kb3 f2 62. Kb4 f1=Q 63. Kb3 Qa6 64. Kb4 Qb2+ 65. Kc5 Qd6+ 66.
Kc4 Qe2+ 67. Kb3 Qb6# 0-1

[Event "Junior Online 4NCL Division 4"]
[Site "online"]
[Date "2021.01.21"]
[Round "1.24"]
[White "Rowe, Angelica"]
[Black "Cwajna, Harrison"]
[Result "1-0"]
[WhiteElo "1350"]
[BlackElo "983"]
[PlyCount "71"]
[EventDate "2021.01.21"]
[WhiteTeam "Leeds Juniors 1"]
[BlackTeam "Farnham Fantasticos"]

1. e4 c5 2. Nc3 Nc6 3. f4 Nf6 4. Bc4 e6 5. e5 Nh5 6. Qxh5 g6 7. Qd1 Bg7 8. Nf3
d5 9. Bb5 a6 10. Bxc6+ bxc6 11. O-O O-O 12. d4 c4 13. Ng5 h6 14. Nh3 f5 15. Qe1
a5 16. Qg3 Qe8 17. b3 Ba6 18. bxc4 Bxc4 19. Rf2 Kh7 20. Ba3 Rg8 21. Qh4 Rh8 22.
Na4 Bf8 23. Bxf8 Qxf8 24. Ng5+ Kg8 25. Nxe6 Qe8 26. Nac5 Ra7 27. c3 g5 28. fxg5
Rhh7 29. Rxf5 Ba6 30. Rf8+ Qxf8 31. Nxf8 Kxf8 32. g6 Rh8 33. Qf6+ Ke8 34. Qxh8+
Ke7 35. Qh7+ Kd8 36. Qxa7 1-0

[Event "Junior Online 4NCL Division 4"]
[Site "online"]
[Date "2021.01.21"]
[Round "1.25"]
[White "De Sousa Muachikape, Jael"]
[Black "Kammin, Samuel"]
[Result "0-1"]
[WhiteElo "1620"]
[BlackElo "1701"]
[PlyCount "112"]
[EventDate "2021.01.21"]
[WhiteTeam "Leeds Juniors 1"]
[BlackTeam "Farnham Fantasticos"]

1. d4 e6 2. c4 f5 3. Nf3 Nf6 4. g3 Be7 5. Bg2 O-O 6. O-O d6 7. Nc3 Qe8 8. Re1
Ne4 9. Qc2 Qg6 10. Bf4 Nd7 11. Rad1 Ndf6 12. Nh4 Qh5 13. Bf3 Qf7 14. Nxe4 Nxe4
15. Bxe4 fxe4 16. Ng2 g5 17. Be3 Qf5 18. b4 Bd7 19. d5 e5 20. c5 h5 21. a4 b5
22. cxb6 cxb6 23. Qb3 Kg7 24. a5 Bd8 25. Ra1 Bb5 26. axb6 Bxb6 27. Bxb6 axb6
28. Qe3 Qf7 29. Rxa8 Rxa8 30. Qxe4 Rf8 31. Qe3 Kg6 32. Qxb6 Qxd5 33. Ne3 Qc6
34. Qxc6 Bxc6 35. Nc4 Rd8 36. Rd1 Bb5 37. Nxe5+ Kf6 38. Nd3 Re8 39. e3 Re4 40.
Nc1 Ke5 41. f4+ gxf4 42. exf4+ Ke6 43. Nb3 Ba4 44. Rd4 Re1+ 45. Kf2 Rh1 46. Kg2
Rb1 47. Na5 Rb2+ 48. Kf3 Rxh2 49. Re4+ Kd5 50. Re7 Bd1+ 51. Ke3 Re2+ 52. Kd3
Rxe7 53. Kd2 Bg4 54. Kd3 Re1 55. Kc3 Re3+ 56. Kb2 Rxg3 0-1

[Event "Junior Online 4NCL Division 4"]
[Site "online"]
[Date "2021.01.21"]
[Round "1.26"]
[White "Warren, Archie"]
[Black "Sasikumar, Navaneeth"]
[Result "0-1"]
[WhiteElo "1423"]
[BlackElo "1313"]
[PlyCount "58"]
[EventDate "2021.01.21"]
[WhiteTeam "Farnham Fantasticos"]
[BlackTeam "Leeds Juniors 1"]

1. d4 g6 2. Bf4 Bg7 3. Nc3 Nf6 4. e4 d6 5. Qd2 Nbd7 6. O-O-O c5 7. d5 a6 8. Bh6
Bxh6 9. Qxh6 b5 10. h4 Rb8 11. f3 Qa5 12. g4 b4 13. Nce2 Qxa2 14. g5 Nh5 15.
Bh3 Qa1+ 16. Kd2 Qxb2 17. Bg4 b3 18. Rc1 bxc2 19. Rxc2 Qb4+ 20. Kd1 Qb1+ 21.
Rc1 Qd3+ 22. Ke1 Rb2 23. Bxh5 gxh5 24. Qxh5 Ne5 25. Rh2 Rxe2+ 26. Rxe2 Qb3 27.
Rd1 Nd3+ 28. Kf1 Qxd1+ 29. Kg2 Nf4+ 0-1

[Event "Junior Online 4NCL Division 4"]
[Site "online"]
[Date "2021.01.21"]
[Round "1.27"]
[White "Krishnan, Aditya"]
[Black "Warren, Orla"]
[Result "1-0"]
[WhiteElo "1365"]
[BlackElo "1180"]
[PlyCount "93"]
[EventDate "2021.01.21"]
[WhiteTeam "Leeds Juniors 1"]
[BlackTeam "Farnham Fantasticos"]

1. c4 Nf6 2. Nc3 g6 3. g3 Bg7 4. Bg2 d6 5. d3 e5 6. e4 Nc6 7. Nge2 O-O 8. O-O
Be6 9. f4 Qd7 10. Nd5 Bh3 11. Nec3 Bxg2 12. Kxg2 Nd4 13. Nxf6+ Bxf6 14. Nd5 Bg7
15. h3 c6 16. Ne3 Rad8 17. f5 gxf5 18. Nxf5 Nxf5 19. Rxf5 d5 20. cxd5 cxd5 21.
Qf3 dxe4 22. dxe4 Qe6 23. Be3 f6 24. b3 Rd3 25. Qe2 Rd6 26. Bc5 Rd4 27. Bxd4
exd4 28. Qd3 Rd8 29. Qc4 Qxc4 30. bxc4 d3 31. Rd1 d2 32. Rd5 Re8 33. Kf3 Rc8
34. R1xd2 Rxc4 35. Rd8+ Kf7 36. R8d7+ Kg8 37. Rxb7 Rc3+ 38. Ke2 Ra3 39. Rd8+
Bf8 40. Rbb8 Rxg3 41. Rxf8+ Kg7 42. Rg8+ Kh6 43. Rxg3 Kh5 44. Rb5+ Kh4 45. Kf3
a6 46. Rg4+ Kxh3 47. Rh5# 1-0

[Event "Junior Online 4NCL Division 4"]
[Site "online"]
[Date "2021.01.21"]
[Round "1.28"]
[White "Cwajna, Harrison"]
[Black "Rowe, Angelica"]
[Result "0-1"]
[WhiteElo "983"]
[BlackElo "1350"]
[PlyCount "60"]
[EventDate "2021.01.21"]
[WhiteTeam "Farnham Fantasticos"]
[BlackTeam "Leeds Juniors 1"]

1. d4 d5 2. c4 c6 3. Nc3 Bf5 4. Nf3 e6 5. g3 Bd6 6. Bg2 Nf6 7. O-O O-O 8. Bg5
Nbd7 9. Be3 dxc4 10. h4 Ng4 11. Bh3 Nxe3 12. fxe3 Bxh3 13. Rf2 Bxg3 14. Ng5
Bxf2+ 15. Kxf2 Qf6+ 16. Nf3 e5 17. dxe5 Nxe5 18. Kg3 Nxf3 19. exf3 Be6 20. Ne4
Qe5+ 21. Kf2 Qxb2+ 22. Kg3 Rad8 23. Qb1 Qe5+ 24. Kf2 Qh2+ 25. Kf1 Bh3+ 26. Ke1
Qg1+ 27. Ke2 Qg2+ 28. Nf2 c3 29. Qxb7 Rd2+ 30. Ke1 Qxf2# 0-1

[Event "Junior Online 4NCL Division 4"]
[Site "online"]
[Date "2021.01.21"]
[Round "1.31"]
[White "Kataria, Dhairya"]
[Black "Bhattacharya, Cali"]
[Result "0-1"]
[WhiteElo "1298"]
[BlackElo "1331"]
[PlyCount "42"]
[EventDate "2021.01.21"]
[WhiteTeam "Edgware Gambits D"]
[BlackTeam "Tetherdown Bishops"]

1. e4 e6 2. d4 d5 3. e5 c5 4. c3 Nc6 5. Bd3 cxd4 6. cxd4 Nxd4 7. Be3 Nc6 8. Nf3
Bb4+ 9. Nbd2 d4 10. Bf4 Nge7 11. O-O Nd5 12. Bg5 Qa5 13. a3 Be7 14. b4 Qc7 15.
Rc1 Bxg5 16. Nxg5 Qxe5 17. Nxh7 g6 18. Re1 Qc7 19. Ng5 Nc3 20. Qg4 Qxh2+ 21.
Kf1 Qh1# 0-1

[Event "Junior Online 4NCL Division 4"]
[Site "online"]
[Date "2021.01.21"]
[Round "1.32"]
[White "Bedretdinov, Rasul"]
[Black "Barbier-Ramaiah, Rohan Theo"]
[Result "0-1"]
[WhiteElo "1037"]
[BlackElo "1218"]
[PlyCount "144"]
[EventDate "2021.01.21"]
[WhiteTeam "Tetherdown Bishops"]
[BlackTeam "Edgware Gambits D"]

1. e4 c5 2. Nf3 Nc6 3. d4 cxd4 4. Nxd4 e6 5. Nc3 Bc5 6. Be3 Qf6 7. Nce2 e5 8.
Nf5 Bxe3 9. Nxe3 d6 10. Nd5 Qd8 11. Nec3 Nf6 12. Nxf6+ Qxf6 13. Nd5 Qd8 14. Bc4
Be6 15. c3 O-O 16. O-O Ne7 17. Nxe7+ Qxe7 18. Bxe6 fxe6 19. f3 Rad8 20. c4 d5
21. cxd5 Qc5+ 22. Kh1 exd5 23. exd5 Rxd5 24. Qb3 Qb5 25. Qa3 a6 26. Qe7 Re8 27.
Qa3 Rd2 28. b3 Qe2 29. Rg1 Red8 30. Qc1 Rxa2 31. Rxa2 Qxa2 32. Qc7 Qd2 33. Qxe5
Qd6 34. Qe4 Qd5 35. Qe7 Qd7 36. Qb4 Qb5 37. Qe7 Re8 38. Qa3 Re2 39. h3 Qe8 40.
Qb4 b5 41. Rf1 Qg6 42. Rg1 Qf7 43. Qa3 Qe6 44. Qb4 Re3 45. Qd2 Qe8 46. Qb4 h6
47. Ra1 Qe6 48. Rg1 Qxb3 49. Qd6 Qe6 50. Qd8+ Qe8 51. Qd5+ Kh8 52. Qd1 a5 53.
Qa1 a4 54. Qb1 a3 55. Qa2 Qe6 56. Qb1 a2 57. Qxb5 Re1 58. Qa5 Rxg1+ 59. Kxg1
Qb3 60. Qa8+ Kh7 61. Qe4+ g6 62. Qe7+ Kh8 63. Qe8+ Qg8 64. Qe5+ Kh7 65. Qe7+
Qg7 66. Qe3 a1=Q+ 67. Kh2 Qc7+ 68. g3 Qb2+ 69. Kg1 Qxg3+ 70. Kf1 Qgg2+ 71. Ke1
Qb1+ 72. Qc1 Qxc1# 0-1

[Event "Junior Online 4NCL Division 4"]
[Site "online"]
[Date "2021.01.21"]
[Round "1.33"]
[White "Srinivasan, Gowri"]
[Black "Leustean, Maia"]
[Result "1-0"]
[WhiteElo "1281"]
[BlackElo "1059"]
[PlyCount "43"]
[EventDate "2021.01.21"]
[WhiteTeam "Edgware Gambits D"]
[BlackTeam "Tetherdown Bishops"]

1. d4 d5 2. Nc3 Nf6 3. Nf3 Nc6 4. Bf4 Bf5 5. a3 a6 6. e3 e6 7. Bd3 Bg6 8. Qe2
Be7 9. O-O-O O-O 10. e4 dxe4 11. Bxe4 Bxe4 12. Nxe4 h6 13. Be5 Nxe5 14. dxe5
Qe8 15. exf6 Bxf6 16. Nxf6+ gxf6 17. g4 f5 18. gxf5 exf5 19. Qd2 Rd8 20. Qxh6
Rxd1+ 21. Rxd1 Qe2 22. Rg1# 1-0

[Event "Junior Online 4NCL Division 4"]
[Site "online"]
[Date "2021.01.21"]
[Round "1.34"]
[White "Kirk, Alex"]
[Black "Sharma, Krish"]
[Result "1-0"]
[WhiteElo "1078"]
[BlackElo "1167"]
[PlyCount "83"]
[EventDate "2021.01.21"]
[WhiteTeam "Tetherdown Bishops"]
[BlackTeam "Edgware Gambits D"]

1. e4 c6 2. Nc3 d5 3. exd5 cxd5 4. d4 Bf5 5. Nf3 Nf6 6. Bb5+ Bd7 7. Bxd7+ Qxd7
8. Ne5 Qd8 9. O-O Nc6 10. Nxc6 bxc6 11. Re1 e6 12. Bg5 Bd6 13. g3 h6 14. Bxf6
Qxf6 15. Qd2 Qg5 16. Qxg5 hxg5 17. Rad1 O-O-O 18. Rd3 Rh7 19. Ree3 Rdh8 20. Ne2
Rxh2 21. Rc3 Rh1+ 22. Kg2 Kd7 23. Kf3 g4+ 24. Kxg4 f5+ 25. Kf3 R8h2 26. Rb3 Rf1
27. Rb7+ Bc7 28. Ra3 Rhxf2+ 29. Ke3 Rf3+ 30. Kd2 Rxa3 31. bxa3 Kd6 32. Rxa7 Bb6
33. Rxg7 Rf2 34. c3 f4 35. gxf4 Bd8 36. Ke3 Rh2 37. Nc1 Rh3+ 38. Kd2 Rh2+ 39.
Kd1 Bh4 40. Nb3 Rxa2 41. Nc5 e5 42. Rd7# 1-0

[Event "Junior Online 4NCL Division 4"]
[Site "online"]
[Date "2021.01.21"]
[Round "1.35"]
[White "Bhattacharya, Cali"]
[Black "Kataria, Dhairya"]
[Result "1-0"]
[WhiteElo "1331"]
[BlackElo "1298"]
[PlyCount "61"]
[EventDate "2021.01.21"]
[WhiteTeam "Tetherdown Bishops"]
[BlackTeam "Edgware Gambits D"]

1. e4 c6 2. d4 d5 3. e5 Bf5 4. Bd3 Bxd3 5. Qxd3 e6 6. Nf3 Be7 7. O-O Nd7 8. Nc3
c5 9. Bf4 cxd4 10. Nxd4 Nc5 11. Qb5+ Nd7 12. Na4 a6 13. Qxb7 Nc5 14. Nxc5 Bxc5
15. Qc6+ Qd7 16. Qxa8+ Ke7 17. Nc6+ Qxc6 18. Qxc6 Bb4 19. c3 Ba5 20. c4 Nh6 21.
cxd5 exd5 22. Bg5+ f6 23. exf6+ gxf6 24. Bxf6+ Kf7 25. Rfe1 Bxe1 26. Rxe1 Rg8
27. Qe6+ Kg6 28. Bc3+ Kg5 29. Re5+ Kh4 30. g3+ Rxg3+ 31. fxg3# 1-0

[Event "Junior Online 4NCL Division 4"]
[Site "online"]
[Date "2021.01.21"]
[Round "1.36"]
[White "Barbier-Ramaiah, Rohan Theo"]
[Black "Bedretdinov, Rasul"]
[Result "0-1"]
[WhiteElo "1218"]
[BlackElo "1037"]
[PlyCount "74"]
[EventDate "2021.01.21"]
[WhiteTeam "Edgware Gambits D"]
[BlackTeam "Tetherdown Bishops"]

1. d4 d5 2. c4 e6 3. Nc3 Nf6 4. Nf3 c5 5. Bg5 h6 6. Bh4 Be7 7. e3 cxd4 8. Nxd4
O-O 9. Bd3 Nbd7 10. Qb3 a6 11. cxd5 exd5 12. Nxd5 Nxd5 13. Bxe7 Nxe7 14. Nf5
Nxf5 15. Bxf5 Qa5+ 16. Qc3 Qxf5 17. O-O Nf6 18. f3 Qg6 19. e4 Bh3 20. Rf2 Nh5
21. Kf1 Be6 22. b3 Rac8 23. Qd2 Rfd8 24. Qb4 b5 25. Qa5 Ra8 26. Rd2 Rxd2 27.
Qxd2 Rc8 28. Qe3 Rc2 29. g4 Rxh2 30. Qa7 Rh1+ 31. Kf2 Rxa1 32. Qxa6 Nf4 33.
Qxb5 Rxa2+ 34. Ke3 Ng2+ 35. Kd4 Qf6+ 36. e5 Qf4+ 37. Kc3 Qd2# 0-1

[Event "Junior Online 4NCL Division 4"]
[Site "online"]
[Date "2021.01.21"]
[Round "1.37"]
[White "Leustean, Maia"]
[Black "Srinivasan, Gowri"]
[Result "0-1"]
[WhiteElo "1059"]
[BlackElo "1281"]
[PlyCount "54"]
[EventDate "2021.01.21"]
[WhiteTeam "Tetherdown Bishops"]
[BlackTeam "Edgware Gambits D"]

1. e4 e5 2. Nf3 Nc6 3. Bc4 Nf6 4. Ng5 d5 5. exd5 Na5 6. d3 Nxd5 7. Bxd5 Qxd5 8.
Nc3 Qd8 9. Nf3 Bd6 10. Be3 Nc6 11. O-O Be6 12. d4 exd4 13. Nxd4 Nxd4 14. Qxd4
O-O 15. Ne2 c5 16. Qc3 Qc7 17. Nf4 Bxf4 18. Bxf4 Qxf4 19. Qxc5 Qf6 20. b4 Rfc8
21. Qe3 Rxc2 22. Qe4 Rc7 23. a3 h6 24. Rfc1 Rac8 25. Rxc7 Qxa1+ 26. Rc1 Rxc1+
27. Qe1 Rxe1# 0-1

[Event "Junior Online 4NCL Division 4"]
[Site "online"]
[Date "2021.01.21"]
[Round "1.38"]
[White "Sharma, Krish"]
[Black "Kirk, Alex"]
[Result "1-0"]
[WhiteElo "1167"]
[BlackElo "1078"]
[PlyCount "117"]
[EventDate "2021.01.21"]
[WhiteTeam "Edgware Gambits D"]
[BlackTeam "Tetherdown Bishops"]

1. d4 d5 2. Bf4 Nc6 3. e3 Bf5 4. Nf3 Nb4 5. Bd3 Bxd3 6. cxd3 Qd7 7. Nc3 Qc6 8.
O-O O-O-O 9. Ne5 Qe6 10. Qa4 Nc6 11. b4 Nxe5 12. Bxe5 a6 13. Qa5 Qc6 14. b5 Qb6
15. Qxb6 cxb6 16. Rfc1 Kd7 17. Nxd5 Ke8 18. Nxb6 Nf6 19. Rc2 e6 20. Rac1 Ng4
21. Bg3 Rd7 22. Nxd7 Kxd7 23. Rc7+ Kd8 24. Rc8+ Ke7 25. Bh4+ f6 26. R1c7+ Kd6
27. Bg3+ e5 28. dxe5+ fxe5 29. Rxb7 axb5 30. Rd8+ Ke6 31. Rbb8 Kf7 32. h3 Nf6
33. Bxe5 h6 34. g4 Rg8 35. Rb7+ Kg6 36. Bxf6 gxf6 37. h4 f5 38. gxf5+ Kxf5+ 39.
Kf1 Kf6 40. Rxb5 Ke7 41. Rdd5 Kf7 42. Re5 Kg7 43. Rf5 Be7 44. Rb7 Re8 45. Re5
Kf7 46. Rf5+ Kg7 47. d4 Kg6 48. Rf3 Kg7 49. d5 Kg8 50. a4 Bxh4 51. a5 Be7 52.
a6 Bf6 53. Rxf6 Ra8 54. a7 h5 55. Ra6 h4 56. Kg2 h3+ 57. Kxh3 Rxa7 58. Raxa7
Kf8 59. Rb8# 1-0

[Event "Junior Online 4NCL Division 4"]
[Site "online"]
[Date "2021.01.21"]
[Round "1.41"]
[White "Eccleston, Bryony"]
[Black "Burnton, Joshua"]
[Result "0-1"]
[WhiteElo "1332"]
[BlackElo "1472"]
[PlyCount "58"]
[EventDate "2021.01.21"]
[WhiteTeam "Manchester Juniors D"]
[BlackTeam "Muswell Hill Knights"]

1. d4 f5 2. Bf4 Nc6 3. e3 e6 4. Nf3 Nf6 5. c4 Bb4+ 6. Nbd2 O-O 7. a3 Bxd2+ 8.
Qxd2 Ne4 9. Qc2 d6 10. Bd3 Nf6 11. b4 b6 12. h3 Bb7 13. Nd2 Nh5 14. Bh2 Qg5 15.
Rg1 Rae8 16. Nf3 Qg6 17. g4 Nf6 18. gxf5 Qh5 19. Rg3 exf5 20. Bxf5 Nxb4 21. Qb1
Bxf3 22. Qxb4 Be4 23. Bxe4 Nxe4 24. Rg2 Qxh3 25. Kf1 Rxf2+ 26. Ke1 Qxg2 27. Kd1
Rf1+ 28. Qe1 Nc3+ 29. Kc1 Rxe1# 0-1